000 00914nam a2200229Ia 4500
999 _c47167
_d47167
001 14025
003 GE_BSU
005 20191024102017.0
008 181216sge ||||xx |||||||||||||| ||geo||
020 _a9789941409714
040 _cGE_BSU
041 _ageo
080 _a37.018.1 ბ-51
100 _aბერიძე, არჩილ
_94971
245 _aაღზრდის საძირკველი /
_c არჩილ ბერიძე ; რედ.ნოდარ ბარამიძე.
264 _aბათუმი :
_bშოთა რუსთაველის სახ. უნ-ტის გამ-ბა,
_c2009.
300 _a414 გვ.;
_b20 სმ.
653 _aპედაგოგიკა
653 _aბავშვის აღზრდა ოჯახში
700 _aბარამიძე, ნოდარ
_eრედაქტორი
_9377
942 _cBK
_2udc